000 00451pab a2200169 454500
008 180718b2017 xxu||||| |||| 00| 0 eng d
100 _aKaur, Ravneet
245 _aDesertion of NRI married women: a case study of Punjab
260 _c2017
300 _ap.103-124.
362 _aJun
650 _aMarried women - India - Punjab
650 _aNon resident Indians
650 _aMarried women
773 _aMan and Development
909 _a115380
999 _c115374
_d115374